00423nam a2200133 a 4500008004100000050001600041100001800057245004100075246007700116260004400193300002400237350000900261700001900270120416s1970 ||||||||||||||||| || u aLB 2322 Fol aBayer, Alan E10aHuman resources and higher education astaff report of the commission on human resources and advanced education aNew YorkbRussell Sage Foundationc1970 axxxii, 473p. : ill. a0.00 aFolger, John K